000
00341nam a22001457a 4500
008
230707b ||||| |||| 00| 0 eng d
020
_a
9781438447957
041
_a
eng
080
_a
621
082
_a
621GON
100
_a
19
101
_a
IE
245
_a
ENERGY AND THE POLITICS OF THE NORTH ATLANTIC
_c
GONZALEZ .A .G
942
_2
udc
_c
BK
999
_c
60133
_d
60133